Christophe Schuwey, Un Entrepreneur des lettres au XVIIe siècle, Donneau de Visé, de Molière au Mercure galant, Paris, Classiques Garnier, “Lire le XVIIe siècle”, 2020, 552 pp., 15 × 22 cm. (notice n° 1816285)
[ vue normale ]
| 000 -LEADER | |
|---|---|
| fixed length control field | 01474cam a2200157 4500500 |
| 005 - DATE AND TIME OF LATEST TRANSACTION | |
| control field | 20260329002556.0 |
| 041 ## - LANGUAGE CODE | |
| Language code of text/sound track or separate title | fre |
| 042 ## - AUTHENTICATION CODE | |
| Authentication code | dc |
| 100 10 - MAIN ENTRY--PERSONAL NAME | |
| Personal name | Moureau, François |
| Relator term | author |
| 245 00 - TITLE STATEMENT | |
| Title | Christophe Schuwey, Un Entrepreneur des lettres au XVIIe siècle, Donneau de Visé, de Molière au Mercure galant, Paris, Classiques Garnier, “Lire le XVIIe siècle”, 2020, 552 pp., 15 × 22 cm. |
| 260 ## - PUBLICATION, DISTRIBUTION, ETC. | |
| Date of publication, distribution, etc. | 2023.<br/> |
| 500 ## - GENERAL NOTE | |
| General note | 32 |
| 520 ## - SUMMARY, ETC. | |
| Summary, etc. | This paper deals with the intellectual itinerary of the late Alsatian historian Jean Meyer (1924-2022). One of the “Malgré-nous,” agrégé in history in 1952, and posted to teach in Nantes, Meyer devoted his thesis to the Breton nobility, which he understood in a broad sense, of the eighteenth century. He obtained a university teaching post at Rennes in 1966, then at Paris-IV Sorbonne in 1980. His career has two stages, one devoted to Brittany, the other, the Parisian period, with its broader perspectives. Indeed, his very varied body of work is distinguished by its breadth of view: encompassing the point of view of the state and that of the province, and illuminated by an international bibliography and European comparisons; all this accompanied by a sovereign indifference to historiographical fashions. |
| 786 0# - DATA SOURCE ENTRY | |
| Note | Dix-septième siècle | o 299 | 2 | 2023-04-18 | p. 373-375 | 0012-4273 |
| 856 41 - ELECTRONIC LOCATION AND ACCESS | |
| Uniform Resource Identifier | <a href="https://shs.cairn.info/journal-dix-septieme-siecle-2023-2-page-373?lang=en&redirect-ssocas=7080">https://shs.cairn.info/journal-dix-septieme-siecle-2023-2-page-373?lang=en&redirect-ssocas=7080</a> |
Pas d'exemplaire disponible.




Réseaux sociaux